[Event "1st Hainan Open 2016"]
[Site "Danzhou CHN"]
[Date "2016.12.16"]
[Round "9.7"]
[White "Batchuluun, Tsegmed"]
[Black "Xiao, Yiyi"]
[Result "1-0"]
[WhiteTitle "GM"]
[BlackTitle "WFM"]
[WhiteElo "2521"]
[BlackElo "2302"]
[WhiteFideId "4900847"]
[BlackFideId "8606161"]
[EventDate "2016.12.07"]

1. d4 Nf6 2. c4 g6 3. Nc3 Bg7 4. e4 d6 5. Nf3 O-O 6. Be2 e5 7. O-O Nbd7 8. Be3
Qe7 9. Qc2 c6 10. d5 c5 11. Nd2 Kh8 12. a3 Ng8 13. f3 f5 14. b4 f4 15. Bf2 b6
16. bxc5 bxc5 17. Nb3 g5 18. Na5 a6 19. Nc6 Qe8 20. Rab1 Rf6 21. g4 fxg3 22.
hxg3 Nf8 23. Kg2 Nh6 24. Be3 g4 25. f4 exf4 26. Bxf4 Bd7 27. Bd3 Nf7 28. e5 dxe5
29. Be3 Rf3 30. Qe2 e4 31. Nxe4 Bxc6 32. dxc6 Qxc6 33. Bf4 Ng6 34. Rxf3 gxf3+
35. Qxf3 Nfe5 36. Bxe5 Nxe5 37. Qe2 Nxd3 38. Qxd3 Re8 39. Re1 Bd4 40. Qf3 Qe6
41. Qh5 Rb8 42. Qxh7+ Kxh7 43. Ng5+ Kg6 44. Nxe6 Kf5 45. Nc7 Rb2+ 46. Kh3 Rb3
47. Nxa6 Rxa3 48. Rf1+ Kg6 49. Nb8 Be5 50. Nd7 Bxg3 51. Rg1 Kf5 52. Rxg3 Ra7 53.
Rd3 Ra4 54. Rd5+ 1-0

[Event "1st Hainan Open 2016"]
[Site "Danzhou CHN"]
[Date "2016.12.16"]
[Round "9.8"]
[White "Fang, Yuxiang"]
[Black "Xu, Yi"]
[Result "0-1"]
[WhiteTitle "IM"]
[BlackTitle "IM"]
[WhiteElo "2510"]
[BlackElo "2430"]
[WhiteFideId "8605840"]
[BlackFideId "8605564"]
[EventDate "2016.12.07"]

1. c4 Nf6 2. Nc3 e6 3. e4 d5 4. cxd5 exd5 5. e5 Ne4 6. d4 Bb4 7. Qa4+ Nc6 8. Bb5
O-O 9. Ne2 Nxd4 10. Nxd4 c5 11. O-O Bxc3 12. bxc3 Nxc3 13. Qb3 cxd4 14. Ba3 Bd7
15. Bxd7 Qxd7 16. Bxf8 Rxf8 17. Rfe1 Rc8 18. Qc2 g6 19. Qd3 Rc4 20. e6 fxe6 21.
h4 Qf7 22. Re5 b5 23. f3 Na4 24. Rae1 Nc5 25. Qd2 d3 26. h5 Qf4 27. Qxf4 Rxf4
28. hxg6 hxg6 29. Kf1 Kf7 30. R5e3 Kf6 31. Rc1 Rd4 32. Rd1 a5 33. Ke1 Ra4 0-1

[Event "1st Hainan Open 2016"]
[Site "Danzhou CHN"]
[Date "2016.12.16"]
[Round "9.9"]
[White "Li, Yankai"]
[Black "Yermolinsky, Alex"]
[Result "1-0"]
[BlackTitle "GM"]
[WhiteElo "2324"]
[BlackElo "2486"]
[WhiteFideId "8609357"]
[BlackFideId "2005492"]
[EventDate "2016.12.07"]

1. e4 c6 2. d4 d5 3. Nc3 dxe4 4. Nxe4 Nd7 5. Nf3 Ngf6 6. Nxf6+ Nxf6 7. Bc4 g6 8.
O-O Bg7 9. Re1 O-O 10. Ne5 Nd5 11. c3 Be6 12. Bb3 a5 13. h4 Qc8 14. h5 b5 15. a4
Bxe5 16. Rxe5 f6 17. Re4 Bf7 18. Bh6 Re8 19. Qe2 Qd7 20. Re1 Rab8 21. axb5 cxb5
22. hxg6 hxg6 23. Bc2 Rb6 24. Qd3 a4 25. Qg3 a3 26. Rh4 Qd6 27. Qh3 Be6 28. g4 1-0

[Event "1st Hainan Open 2016"]
[Site "Danzhou CHN"]
[Date "2016.12.16"]
[Round "9.10"]
[White "Liu, Guanchu"]
[Black "Gusain, Himal"]
[Result "1/2-1/2"]
[WhiteTitle "IM"]
[WhiteElo "2418"]
[BlackElo "2448"]
[WhiteFideId "8603901"]
[BlackFideId "5033861"]
[EventDate "2016.12.07"]

1. e4 c5 2. Nf3 e6 3. c3 Nf6 4. e5 Nd5 5. d4 cxd4 6. cxd4 d6 7. Bc4 Be7 8. O-O
O-O 9. Bd2 b6 10. Bxd5 exd5 11. Nc3 Be6 12. Rc1 Nc6 13. Nb5 Qd7 14. exd6 Bxd6 1/2-1/2

[Event "1st Hainan Open 2016"]
[Site "Danzhou CHN"]
[Date "2016.12.16"]
[Round "9.11"]
[White "Werle, Jan"]
[Black "Liu, Chang"]
[Result "1/2-1/2"]
[WhiteTitle "GM"]
[WhiteElo "2560"]
[BlackElo "2334"]
[WhiteFideId "1006088"]
[BlackFideId "8606340"]
[EventDate "2016.12.07"]

1. d4 Nf6 2. c4 g6 3. Nf3 Bg7 4. g3 O-O 5. Bg2 c6 6. O-O d6 7. Nc3 Qa5 8. e4 Qh5
9. Ng5 Qxd1 10. Rxd1 h6 11. Nf3 Bg4 12. Be3 Nbd7 13. h3 Bxf3 14. Bxf3 Rfd8 15.
Rab1 Rac8 16. Kg2 b6 17. a3 Ne8 18. Be2 Nc7 19. f4 Ne6 20. f5 Nc7 21. Rbc1 c5
22. d5 Bxc3 23. Rxc3 g5 24. h4 f6 25. b4 Na6 26. Rb1 Ne5 27. Rc2 Rc7 28. Bd2 Nb8
29. Kf2 Rdc8 30. Rbc1 Nbd7 31. Ke3 Kg7 32. Bc3 Kg8 33. Be1 Kg7 34. Rc3 Kg8 35.
R1c2 Kg7 36. Kd2 cxb4 37. axb4 a5 38. bxa5 1/2-1/2

[Event "1st Hainan Open 2016"]
[Site "Danzhou CHN"]
[Date "2016.12.16"]
[Round "9.12"]
[White "Zhao, Zong-Yuan"]
[Black "Zhao, Yuanhe"]
[Result "1/2-1/2"]
[WhiteTitle "GM"]
[WhiteElo "2544"]
[BlackElo "2351"]
[WhiteFideId "3202534"]
[BlackFideId "8609497"]
[EventDate "2016.12.07"]

1. e4 e5 2. Nf3 Nf6 3. Nxe5 d6 4. Nf3 Nxe4 5. c4 Nc6 6. Nc3 Nxc3 7. dxc3 Be7 8.
Bd3 Be6 9. O-O O-O 10. Bf4 Bf6 11. Re1 Re8 12. Qc2 h6 13. h3 Re7 14. Nd2 Ne5 15.
Bf1 Ng6 16. Bg3 Be5 17. Bxe5 Nxe5 18. f4 Nc6 19. Bd3 Bd7 20. Nf3 Rxe1+ 21. Rxe1
Qf6 22. Qd2 Re8 23. Rxe8+ Bxe8 24. Qe3 Qe7 25. Kf2 a5 26. Nd4 Qxe3+ 27. Kxe3
Nxd4 28. cxd4 b6 29. f5 1/2-1/2

[Event "1st Hainan Open 2016"]
[Site "Danzhou CHN"]
[Date "2016.12.16"]
[Round "9.13"]
[White "Rapport, Jovana"]
[Black "Tsydypov, Zhamsaran"]
[Result "0-1"]
[WhiteTitle "WGM"]
[BlackTitle "IM"]
[WhiteElo "2341"]
[BlackElo "2460"]
[WhiteFideId "937266"]
[BlackFideId "4108566"]
[EventDate "2016.12.07"]

1. d4 Nf6 2. Nc3 d6 3. Nf3 Nbd7 4. Rg1 e5 5. g4 h6 6. e4 c6 7. h4 Qa5 8. Bd2
exd4 9. Nxd4 Qb6 10. Nb3 Ne5 11. Be2 g5 12. Be3 Qc7 13. hxg5 hxg5 14. f3 Rh3 15.
Bxg5 Be7 16. Qd2 Rxf3 17. O-O-O Rf2 18. Rh1 Nfxg4 19. Rh8+ Bf8 20. Nd4 a6 21.
Qe1 Rxe2 22. Qxe2 f6 23. Bd2 Ng6 24. Rhh1 N4e5 25. Rdg1 Qf7 26. Na4 Qxa2 27. Nc3
Qf7 28. Kb1 Bd7 29. Na4 c5 30. Nb6 cxd4 31. Nxa8 Bb5 32. Qh5 d3 33. c3 Bc6 34.
Qf5 Bd7 35. Qf1 Bb5 36. Qf2 Nc4 37. Bc1 d2 38. Bxd2 Na3+ 39. Kc1 Ne5 40. Rg3 Qa2
41. Nc7+ Kd8 42. Qxf6+ Kxc7 43. Rh7+ Kc6 44. Be1 Qb1+ 45. Kd2 Qxe4 46. Rh2 Nec4+ 0-1

[Event "1st Hainan Open 2016"]
[Site "Danzhou CHN"]
[Date "2016.12.16"]
[Round "9.14"]
[White "Dai, Changren"]
[Black "Kulkarni, Bhakti"]
[Result "1-0"]
[BlackTitle "CM"]
[WhiteElo "2436"]
[BlackElo "2281"]
[WhiteFideId "8608156"]
[BlackFideId "5019516"]
[EventDate "2016.12.07"]

1. e4 e5 2. Nf3 Nc6 3. Bb5 a6 4. Ba4 Nf6 5. O-O Be7 6. Re1 b5 7. Bb3 d6 8. c3
O-O 9. h3 Na5 10. Bc2 c5 11. d4 Nd7 12. d5 Nb6 13. Nbd2 g6 14. Nf1 f5 15. exf5
gxf5 16. Ng3 e4 17. Nh2 Bg5 18. Qh5 Bxc1 19. Raxc1 Qf6 20. f3 e3 21. Ng4 Qg6 22.
Qh4 Nac4 23. Nxe3 Nxe3 24. Rxe3 Nxd5 25. Rd3 Be6 26. Rcd1 Qf7 27. Rxd5 Bxd5 28.
Nxf5 Kh8 29. Nxd6 Qg7 30. Rxd5 1-0

[Event "1st Hainan Open 2016"]
[Site "Danzhou CHN"]
[Date "2016.12.16"]
[Round "9.15"]
[White "Peng, Hongchi"]
[Black "Liu, Yan"]
[Result "0-1"]
[BlackTitle "FM"]
[WhiteElo "2169"]
[BlackElo "2403"]
[WhiteFideId "8609047"]
[BlackFideId "8608962"]
[EventDate "2016.12.07"]

1. e4 d6 2. d4 Nf6 3. Nc3 g6 4. f4 Bg7 5. Bc4 d5 6. exd5 Nbd7 7. Nf3 Nb6 8. Bb3
O-O 9. O-O Nbxd5 10. Nxd5 Nxd5 11. Ne5 c6 12. c4 Nf6 13. Be3 Ne4 14. Qf3 Nd6 15.
Bf2 Be6 16. Rac1 a5 17. a4 Nf5 18. Rfd1 f6 19. Ng4 Qd7 20. h3 Bf7 21. Nh2 Rfd8
22. Nf1 Bh6 23. g4 Nd6 24. Ne3 Ne8 25. Rc3 Nc7 26. g5 Bg7 27. Ng4 Rf8 28. Qe3
Be6 29. Qg3 Kh8 30. Rcd3 Bf5 31. R3d2 fxg5 32. fxg5 Ne6 33. Nh6 Be4 34. Re1 Rf3
35. Qg4 Rf4 36. Qg3 Nxg5 37. Nf7+ Rxf7 38. Qxg5 Qxh3 39. Rxe4 Qxb3 40. d5 cxd5
41. cxd5 Raf8 42. Rxe7 Bf6 43. Qe3 Qxe3 44. Rxe3 Bg5 45. Red3 Bxd2 46. Bd4+ Kg8
47. Rxd2 Rd7 48. Bb6 Rf5 49. d6 Kf7 50. Bc7 Ke6 51. Rd3 b5 52. b3 bxa4 53. bxa4
Rc5 54. Re3+ Kd5 55. Rh3 Rc4 56. Ra3 Kc6 57. Kf2 Rf7+ 58. Ke3 h5 59. Ra1 g5 60.
Rh1 h4 61. Bxa5 Rxa4 62. Bd8 Rg4 63. Be7 Rg3+ 64. Kd2 Rf2+ 65. Ke1 Rb2 66. Rf1
Ra3 0-1

[Event "1st Hainan Open 2016"]
[Site "Danzhou CHN"]
[Date "2016.12.16"]
[Round "9.16"]
[White "Ji, Dan"]
[Black "Zhu, Yi"]
[Result "0-1"]
[BlackTitle "FM"]
[WhiteElo "2398"]
[BlackElo "2306"]
[WhiteFideId "8601887"]
[BlackFideId "8607435"]
[EventDate "2016.12.07"]

1. d4 Nf6 2. Nf3 d6 3. c4 g6 4. Nc3 Bg7 5. e4 Bg4 6. Be2 Nfd7 7. Be3 c5 8. dxc5
dxc5 9. Nd2 Bxe2 10. Qxe2 Nc6 11. O-O Nd4 12. Qd1 Ne5 13. Rb1 Qd7 14. Nb3 Nxb3
15. Qxb3 Qc6 16. Bg5 h6 17. Bh4 g5 18. Bg3 e6 19. Rbd1 O-O 20. Rd2 Rfd8 21. Rfd1
Rd4 22. Bxe5 Bxe5 23. f3 Rad8 24. Rxd4 cxd4 25. Ne2 Rc8 26. Nc1 Qxc4 27. Qxc4
Rxc4 28. Nd3 Bf4 29. Ne1 h5 30. Kf2 Ra4 31. a3 Bxh2 32. Rc1 Ra6 33. Nd3 h4 34.
Rc4 Rc6 35. Rxd4 Rc2+ 36. Kf1 Rd2 37. Rd8+ Kg7 38. Rd7 Bg3 0-1

[Event "1st Hainan Open 2016"]
[Site "Danzhou CHN"]
[Date "2016.12.16"]
[Round "9.17"]
[White "Nie, Xinyang"]
[Black "Li, Bo"]
[Result "1-0"]
[BlackTitle "IM"]
[WhiteElo "2239"]
[BlackElo "2364"]
[WhiteFideId "8607222"]
[BlackFideId "8602786"]
[EventDate "2016.12.07"]

1. d4 Nf6 2. Nf3 g6 3. Bg5 Bg7 4. Nbd2 d5 5. Bxf6 exf6 6. g3 O-O 7. Bg2 b6 8.
O-O Bb7 9. c3 Re8 10. e3 f5 11. b4 Nd7 12. Rb1 Nf6 13. Qb3 Ne4 14. Rfd1 Qe7 15.
Nxe4 dxe4 16. Nd2 g5 17. Re1 Qd6 18. c4 Qg6 19. b5 f4 20. c5 f3 21. Bf1 Rad8 22.
Rbc1 Bc8 23. cxb6 cxb6 24. Rc7 Qh5 25. Rec1 Be6 26. Qa4 Bh3 27. Qc4 Rc8 28. Rxc8
Rxc8 29. Qxc8+ Bxc8 30. Rxc8+ Bf8 31. Nxe4 Qg6 32. Bd3 Qe6 33. Rc6 Qh3 34. Bf1
Qf5 35. Nc3 Kg7 36. e4 Qg4 37. h3 Qd7 38. Nd5 Bd6 39. Nf6 Qe6 40. Rxd6 Qxa2 41.
Nd5 Qd2 42. Ne3 h5 43. Nf5+ Kg8 44. d5 Qe1 45. Rd8+ Kh7 46. Re8 Kg6 47. d6 Qd2
48. Re7 Kf6 49. Rxa7 g4 50. hxg4 hxg4 51. Rc7 Ke5 52. Rc4 Qg5 53. Rd4 Qd8 54.
Rd5+ Ke6 55. d7 Kf6 56. Nd4 1-0

[Event "1st Hainan Open 2016"]
[Site "Danzhou CHN"]
[Date "2016.12.16"]
[Round "9.18"]
[White "Hamitevici, Vladimir"]
[Black "Lin, Yi"]
[Result "1-0"]
[WhiteTitle "IM"]
[WhiteElo "2477"]
[BlackElo "2422"]
[WhiteFideId "13902393"]
[BlackFideId "8609659"]
[EventDate "2016.12.07"]

1. e4 e5 2. Nf3 Nf6 3. d3 Nc6 4. Be2 Bc5 5. c3 d5 6. b4 Bd6 7. Nbd2 O-O 8. O-O
a6 9. Bb2 Ne7 10. exd5 Nexd5 11. Re1 Bf5 12. Bf1 Re8 13. Ne4 Nf4 14. Nxd6 Qxd6
15. d4 exd4 16. Qxd4 Qxd4 17. Nxd4 Bd3 18. Red1 Bxf1 19. Kxf1 Rad8 20. c4 Ng4
21. h3 Ne5 22. Nf5 f6 23. Ne3 Kf7 24. Bc3 h5 25. a4 c6 26. Rab1 g5 27. a5 Ne6
28. Rdc1 Rd7 29. Rc2 Red8 30. b5 cxb5 31. cxb5 axb5 32. Rxb5 Nf4 33. Rcb2 Rc8
34. R2b3 Kg6 35. g3 Nfd3 36. Rb6 Rc6 37. f4 gxf4 38. gxf4 Nxf4 39. Bxe5 fxe5 40.
a6 1-0